Statistiques concernant Les films français les plus chers de l'histoire

Cliquez ici pour prendre le quiz!

Statistiques générales

  • Ce quiz a été pris 70 fois
    (50 depuis la dernière actualisation)
  • Le résultat moyen est 12 sur 62

Statistiques - réponses

BudgetRéalisateurannéeFilm% Correct
74 982 618 €Thomas Langmann et Frédéric Forestier2008Astérix aux Jeux olympiques
77%
61 239 780 €Laurent Tirard2012Astérix et Obélix : Au service de Sa Majesté
77%
41 868 668 €Claude Zidi1999Astérix et Obélix contre César
77%
66 240 000 €Guillaume Canet2023Astérix et Obélix : L'Empire du Milieu
77%
50 300 000 €Alain Chabat2002Astérix et Obélix : Mission Cléopâtre
77%
31 031 499 €Alexandre Astier et Louis Clichy2014Astérix : Le Domaine des dieux
77%
33 700 000 €Alexandre Astier et Louis Clichy2018Astérix : Le Secret de la potion magique
77%
49 006 310 €Luc Besson2014Lucy
60%
197 471 676 €Luc Besson2017Valérian et la Cité des mille planètes
60%
68 800 000 €Luc Besson2010Arthur 3 : La Guerre des deux mondes
52%
63 200 000 €Luc Besson2009Arthur et la Vengeance de Malthazard
52%
65 200 000 €Luc Besson2006Arthur et les Minimoys
52%
75 200 000 €Luc Besson1997Le Cinquième Élément
52%
38 160 000 €Roman Polanski2002Le Pianiste
21%
56 600 000 €Jean-Pierre Jeunet2004Un long dimanche de fiançailles
19%
59 000 000 €Luc Besson1999Jeanne d'Arc
15%
35 056 049 €Patrice Leconte2006Les Bronzés 3
13%
30 000 000 €Paul W. S. Anderson2002Resident Evil
13%
55 000 000 €Paul W. S. Anderson2010Resident Evil: Afterlife
13%
41 000 000 €Alexander Witt2004Resident Evil: Apocalypse
13%
36 000 000 €Paul W. S. Anderson2016Resident Evil : Chapitre final
13%
41 000 000 €Russell Mulcahy2007Resident Evil: Extinction
13%
59 000 000 €Paul W. S. Anderson2012Resident Evil: Retribution
13%
59 660 000 €Jean-Jacques Annaud2004Deux frères
10%
36 080 000 €Martin Bourboulon2023Les Trois Mousquetaires : D'Artagnan
10%
36 160 000 €Martin Bourboulon2023Les Trois Mousquetaires : Milady
10%
53 520 000 €Jean-Marie Poiré2001Les Visiteurs en Amérique
10%
80 000 000 €Jérémy Zag2023Miraculous, le film
10%
37 112 087 €Olivier Megaton2012Taken 2
10%
51 460 337 €Olivier Megaton2015Taken 3
10%
30 000 000 €Luc Besson2019Anna
8%
64 519 000 €Mathieu Kassovitz2008Babylon A.D.
8%
40 000 000 €Gérard Oury1969Le Cerveau
8%
30 000 000 €Luc Besson2013Malavita
8%
39 400 000 €Alain Chabat2012Sur la piste du Marsupilami
8%
32 010 000 €Christophe Gans2001Le Pacte des loups
6%
36 888 400 €Roman Polanski1986Pirates
6%
46 000 000 €Christophe Gans2006Silent Hill
6%
36 130 000 €Jan Kounen2004Blueberry, l'expérience secrète
4%
34 045 717 €Christophe Gans2014La Belle et la Bête
4%
31 940 000 €Luc Besson2010Les Aventures extraordinaires d'Adèle Blanc-Sec
4%
64 000 000 €Paul W. S. Anderson2011Les Trois Mousquetaires
4%
31 530 000 €Jean-Jacques Annaud2022Notre-Dame brûle
4%
31 797 563 €Jamel Debbouze2015Pourquoi j'ai pas mangé mon père
4%
32 446 758 €Dany Boon2017Raid Dingue
4%
61 706 959 €Jean-Jacques Annaud1997Sept Ans au Tibet
4%
31 680 587 €Dany Boon2014Supercondriaque
4%
41 503 500 €Roman Polanski2010The Ghost Writer
4%
57 463 494 €Steven Quale2017Braqueurs d'élite
2%
52 000 000 €Pierre Morel2010From Paris with Love
2%
43 258 879 €Robert Enrico et Richard T. Heffron1989La Révolution française
2%
33 883 192 €Jean-Jacques Annaud2015Le Dernier Loup
2%
34 900 000 €Jacques Audiard2018Les Frères Sisters
2%
33 029 545 €Jaco Van Dormael2009Mr. Nobody
2%
40 000 000 €Jean-Jacques Annaud2011Or Noir
2%
32 134 121 €Olivier Megaton2011Colombiana
0%
33 945 816 €Louis Leterrier2005Danny the Dog
0%
35 028 020 €Roman Polanski1999La Neuvième Porte
0%
52 161 991 €Mark Osborne2015Le Petit Prince
0%
49 619 972 €Jacques Perrin et Jacques Cluzaud2010Océans
0%
50 052 027 €Roman Polanski2005Oliver Twist
0%
30 426 270 €Jean-Jacques Annaud2007Sa Majesté Minor
0%

Distribution des résultats

Percentile par nombre de réponses

% des personnes avec chaque résultat

Votre développement - résultats

Vous n’avez pas pris ce quiz depuis la dernière actualisation